Gönci získal na majstrovstvách sveta zlato

Bibliographic Details
Corporate Author: Tlačová agentúra Slovenskej republiky (Author)
Format: Article
Language:Slovak
Subjects:

MARC

LEADER 00000nab a2200000 a 4500
001 vtls000898404
003 SK-MaSNL
005 20260304232129.0
008 040720e19980728xo 0 slo
035 |a KE7411 
040 |a KEVKJB  |b slo  |c KEVKJB  |e AACR2 
041 0 |a slo 
044 |a xo  |c SK 
080 |a 799.3  |2 1981 
110 2 |a Tlačová agentúra Slovenskej republiky  |4 aut  |9 177619 
245 0 0 |a Gönci získal na majstrovstvách sveta zlato 
590 |a Gönci, Jozef 1975-,  |b športový strelec, podporučík 
600 1 7 |a Gönci, Jozef,  |d 1974-,  |2 KEVKJB  |9 104368 
650 0 7 |a šport  |2 KEVKJB  |9 1042 
650 0 7 |a športová streľba  |2 KEVKJB  |9 29098 
650 0 7 |a majstrovstvá sveta  |2 KEVKJB  |9 449569 
650 0 7 |a medaila zlatá  |2 KEVKJB  |9 873620 
650 0 7 |a informácie  |2 KEVKJB  |9 1285 
651 7 |a Košice (Slovensko)  |2 KEVKJB  |9 18694 
651 7 |a KE,  |2 KEVKJB  |9 877256 
651 7 |a KE,  |2 KEVKJB  |9 877256 
655 7 |a periodikum  |2 snkbucl  |9 29553 
773 0 8 |t Korzár  |g Roč. 1, č.140, 28.7.1998, s. 1 
852 |a ZVYKNI  |b KIS3GCP 
999 |c 3192192  |d 3194122